000 02276nam a22003137a 4500
003 OSt
005 20241002113204.0
008 240930s2012 mx ad||f |||| 001 0 spa d
020 _a9786074771121 (Colección Sociología)
020 _a9786074777260 (de la obra)
040 _aCHAP
_cCHAP
_erda
082 0 0 _222
_a338.17441
_bE27
245 1 0 _aEfectos sociales de la papaya transgénica:
_buna evaluación ex ante /
_cpor Michelle Chauvet... [y otros cinco]
250 _aPrimera edición
264 1 _aMéxico:
_bUniversidad Autonóma Metropolitana, Divsión de Ciencias Sociales y Humanidades,
_c2012.
300 _a234 páginas
_bIlustraciones, gráficas, tablas
336 _2rdacontent
_atexto
_btxt
337 _2rdamedia
_asin medio
_bn
338 _2rdacarrier
_avolumen
_bnc
490 1 _aColección Sociología.
500 _aIncluye índice y bibliografía
520 _aLas innovaciones biotecnológicas han generado preocupación sobre las posibles consecuencias a nivel de salud, alimentación y el medio ambiente. Dentro de este contexto, las autoras se sitúan en el traslape entre preocupación e innovación para la evaluación ex ante de los efectos sociales que acarrearía la introducción de una papaya trasgénica resistente al virus de la mancha anular en México, como resultado de las investigaciones que se realizan en diversos centros públicos de investigación. El objetivo era conocer y analizar los intereses y necesidades de los actores sociales involucrados, en especial de los productores, ya que este virus es uno de los problemas fitosanitarios que enfrenta el cultivo de la papaya, su manejo genera pérdidas económicas y agudiza la diferenciación social entre pequeños y grandes productores.México, como principal país exportador y por su debatido carácter de centro de origen y diversidad de la papaya, nos exige cautela, ante la liberación de una semilla genéticamente modificada.
650 4 _aPapaya
_xCultivo
_9136934
650 4 _aAlimentos transgénicos
_xAspectos sociales
_9186036
650 4 _aPapaya
_xAspectos socioeconómicos
_9189640
700 1 _aChauvet, Michelle
_922036
830 _aColección Sociología.
_pSerie estudios, Biblioteca de Ciencias Sociales y Humanidades
_9189639
942 _2ddc
_cLIBRO
999 _c220178
_d220178